<?xml version="1.0" encoding="UTF-8"?>
<collection xmlns="http://www.loc.gov/MARC21/slim">
 <record>
  <leader>01191nam a22002057a 4500</leader>
  <controlfield tag="001">NCT_4_007593</controlfield>
  <controlfield tag="008">240513b        xxu||||| |||| 00| 0 vie d</controlfield>
  <datafield tag="999" ind1=" " ind2=" ">
   <subfield code="c">8286</subfield>
   <subfield code="d">8286</subfield>
  </datafield>
  <datafield tag="020" ind1=" " ind2=" ">
   <subfield code="c">320000</subfield>
  </datafield>
  <datafield tag="082" ind1="0" ind2="4">
   <subfield code="2">23rd ed.</subfield>
   <subfield code="a">726.784309597</subfield>
   <subfield code="b">C561/T.1</subfield>
  </datafield>
  <datafield tag="100" ind1="1" ind2=" ">
   <subfield code="a">Hoàng Đạo Cương</subfield>
   <subfield code="e">Chủ biên</subfield>
  </datafield>
  <datafield tag="245" ind1="1" ind2="0">
   <subfield code="a">Kiến trúc chùa Việt Nam</subfield>
   <subfield code="b">Qua tư liệu Viện Bảo tồn di tích</subfield>
   <subfield code="n">Tập 1</subfield>
   <subfield code="c">Hoàng Đạo Cương, Nguyễn Hồng Kiên (Đồng Chủ biên)</subfield>
  </datafield>
  <datafield tag="260" ind1=" " ind2=" ">
   <subfield code="a">H.</subfield>
   <subfield code="b">Văn hóa Dân tộc</subfield>
   <subfield code="c">2017</subfield>
  </datafield>
  <datafield tag="300" ind1=" " ind2=" ">
   <subfield code="a">224tr.</subfield>
   <subfield code="b">minh họa</subfield>
   <subfield code="c">24 cm</subfield>
  </datafield>
  <datafield tag="520" ind1="3" ind2=" ">
   <subfield code="a">Nội dung sách giới thiệu 10 di tích - chùa từ hơn 200 hồ sơ nghiên cứu, lưu trữ của Viện Bảo tồn di tích về loại hình này trên khắp cả nước.</subfield>
  </datafield>
  <datafield tag="653" ind1=" " ind2=" ">
   <subfield code="a">Quản trị Dịch vụ Du lịch và Lữ hành</subfield>
  </datafield>
  <datafield tag="700" ind1="1" ind2=" ">
   <subfield code="a">Nguyễn Hồng Kiên </subfield>
   <subfield code="e">Đồng Chủ biên</subfield>
  </datafield>
  <datafield tag="942" ind1=" " ind2=" ">
   <subfield code="2">ddc</subfield>
   <subfield code="c">BK</subfield>
  </datafield>
  <datafield tag="952" ind1=" " ind2=" ">
   <subfield code="0">0</subfield>
   <subfield code="1">0</subfield>
   <subfield code="2">ddc</subfield>
   <subfield code="4">0</subfield>
   <subfield code="6">726_784309597000000_C561_T_1</subfield>
   <subfield code="7">0</subfield>
   <subfield code="9">28861</subfield>
   <subfield code="a">000001</subfield>
   <subfield code="b">000001</subfield>
   <subfield code="d">2024-05-13</subfield>
   <subfield code="o">726.784309597 C561/T.1</subfield>
   <subfield code="p">MD.22418</subfield>
   <subfield code="r">2024-05-13</subfield>
   <subfield code="v">320000.00</subfield>
   <subfield code="w">2024-05-13</subfield>
   <subfield code="y">BK</subfield>
  </datafield>
  <datafield tag="980" ind1=" " ind2=" ">
   <subfield code="a">Thư viện Trường Đại học Nam Cần Thơ</subfield>
  </datafield>
 </record>
</collection>
